000 00651nas a22002171i#4500
001 1047
003 ES-MaACL
005 20250721062532.0
008 950801d18561857sp s| | 1 ||pa d
022 _a1698-8736
080 _a33
245 0 3 _aEl Economista
_b: periódico quincenal dedicado al examen de teorías y cuestiones económicas.
260 _aMadrid :
_bImp. José C. de la Peña,
_c1856-1857.
300 _a1 v. ;
_c23 cm.
310 _aQuincenal
362 0 _aN. 1 (5 feb. 1856)-año 2, n. 14 (25 jul. 1857)
650 1 7 _aEconomía
_2embne
_912006
852 _aES-MaACL
_jB-7986
866 0 _o1856(1857)
999 _c1047
_d1047